00776nam a2200193Ia 4500001001000000003000500010008004100015010001100056040000900067100002500076245019600101260003400297300001000331502010600341650003200447650003100479650002200510710005000532Para_8096CHAP220125s2002 xx 000 0 und d a207001 cCHAP aGarcía Lara, Erika aDinámica poblacional e incidencia de plagas del follaje en maíz (Zea mays L.), bajo labranza convencional y agricultura de conservación en Chapingo, México /c por Erika García Lara aChapingo, Méx. :b el autor a58 h. aTesis (Ing. Agr. Esp. en Parasitología Agrícola) -- UACh. Departamento Parasitología Agrícola aInsectos x reproducción  aLabranza de conservación aMaíz x plagas  aUACh. Departamento Parasitología Agrícola